000 00480cam a2200181 4500
001 D9273
008 090401t1978 xxu||||| |||| 00| 0 eng d
035 _a(Sirsi) u18563
041 _aeng
050 _a690.231
110 _aTimber Research and Development Association
245 _aHome improvements and conversions, compiled by TRADA
260 _aLancaster
_bConstruction Press
_c1978
300 _a111p. ill. 30cm
350 _a6.95
942 _n0
948 _c04/03/1997
999 _c87603
_d87603